000 00779nam a2200253 a 4500
001 000014479
005 20200929163845.0
008 100111s2000 sp a 000 f spa d
020 _a8437612039
040 _aDO-SdBNP
_bspa
_cBNPHU
082 _aV863.4
_bU86L, 2000
100 1 _aUslar Pietri, Arturo,
_d1906-2001.
_912623
245 1 4 _aLas lanzas coloradas /
_cArturo Uslar Pietri ; edición de Domingo Miliani.
250 _a2a ed.
260 _aMadrid :
_bCátedra,
_c2000.
300 _a302 p. :
_bil. ;
_c18 cm.
490 1 _aLetras hispánicas
_v371
650 4 _aNovela venezolana
_93962
650 4 _aLiteratura venezolana
_ySIGLO XX
_99777
700 1 _aMiliani, Domingo,
_eed.
_95169
830 0 _aLetras hispánicas ;
_v371
_94208
910 _aWM
049 _aBNGR
999 _c14068
_d14068